|
|
|
|
| LEADER |
00897nam a2200217 a 4500 |
| 001 |
000606952 |
| 003 |
CZ BrMZK |
| 005 |
20170505134647.0 |
| 008 |
020618s1975 xr f cze d |
| 040 |
|
|
|a BOA001
|b cze
|c BOA001
|
| 245 |
0 |
0 |
|a Dušan Klimeš :
|b fotografie : Dům umění města Brna, 2.-5.10. až 2.11.1975 : katalog výstavy /
|c [text] Antonín Dufek
|
| 246 |
3 |
3 |
|a Fotografie
|
| 260 |
|
|
|a Brno :
|b Dům umění města Brna,
|c 1975
|
| 300 |
|
|
|a 1 sv. (na volných l.)
|
| 700 |
1 |
|
|a Dufek, Antonín,
|d 1943-2023
|7 jn20000400566
|4 wam
|
| 700 |
1 |
|
|a Klimeš, Dušan,
|d 1942-
|7 ola200209245
|4 pht
|
| 710 |
2 |
|
|a Dům umění města Brna
|7 ko2002101743
|
| 910 |
|
|
|a BOA001
|b X-0748.123
|
| 990 |
|
|
|a BK
|
| 996 |
6 |
|
|b 2619192690
|c X-0748.123
|l MZK
|r Sklad / do 24 hodin
|n 0
|w 000606952
|u 000020
|a 1
|e BOA001
|j MZK50
|s P
|
| 996 |
6 |
|
|b 2619610490
|c X-0748.123
|l MZK
|r Sklad / do 24 hodin
|n 1
|w 000606952
|u 000010
|a 1
|e BOA001
|j MZK50
|s P
|